Indikátory úspechu startupov bakalárska práca

Saved in:
Bibliographic Details
Main Author: Trhanová, Monika
Corporate Author: Fakulta podnikového manažmentu EU. Katedra manažmentu
Other Authors: Bednár, Richard, 1985-
Format: Book
Language:Slovak
Published: Bratislava 2018
Tags: Add Tag
No Tags, Be the first to tag this record!

MARC

LEADER 00000nbm a2200000 4500
001 0244711
005 20180918145014.4
041 0 |a slo 
044 |a SK 
245 1 0 |a Indikátory úspechu startupov  |b bakalárska práca  |c Monika Trhanová ; školiteľ: Richard Bednár 
264 1 |a Bratislava  |c 2018 
300 |a 65 s. 
100 1 |a Trhanová, Monika 
700 1 |a Bednár, Richard, 1985- 
710 2 |a Fakulta podnikového manažmentu EU. Katedra manažmentu